00951nam a22002894a 4500001001000000005001700010008004100027010001400068020002300082035001300105037001500118040001800133082001300151100001900164245005400183260003700237270004400274300003700318500002000355600001800375610003100393650003700424650003100461942002700492999001700519952012500536ENG-9085820080710105903.0080902t xxu||||| |||| 00| 0 eng d aENG-90858 a8122007406c500.00 aEN-74391 bDBAD / PUB aDPLbEnglish  a355.0092 aMadan, Pessie  aAn odyssey:bmy reminiscences /cby Pessie Madan  aDelhi bKonark Publishers c2008 aA-149, Main Vikas Marg, bDelhid110092 aix, 257 p.:c23 cm (Hb) bphotos aIncludes index  aMadan, Pessie aIndia, ArmyxMilitary life aIndia. ArmyxOfficersxBiography aIndia. ArmyxMilitary life 2ddccENmMADh355.0092 c15269d15269 001040718NFICaDBADbDBADd2008-09-02g500.00l0o355.0092 PESpEN-74391r2008-09-15 00:00:00v500.00w2008-09-15yEN